| 000 | 01320nam a2200385 c 4500 | ||
|---|---|---|---|
| 001 | 58886 | ||
| 003 | CO-BoRNBP | ||
| 005 | 20250828213422.0 | ||
| 007 | ta | ||
| 008 | 210819s2015 sp er 000 0dspa d | ||
| 020 | _a9584243675 | ||
| 020 | _a9788449331022 | ||
| 020 | _a9789584243676 | ||
| 040 |
_aCO-BoRNBP _bspa _erda _cCO-BoRNBP |
||
| 041 | 1 |
_aspa _heng |
|
| 082 | 0 | 4 |
_a363.73874 _bK42e _222 |
| 100 | 1 |
_aKlein, Naomi, _d1970- _eaut _964297 |
|
| 245 | 1 | 0 |
_aEsto lo cambia todo : _bel capitalismo contra el clima / _cNaomi Klein ; traducción de Albino Santos Mosquera. |
| 250 | _aPrimera edición | ||
| 264 | 1 |
_aBogotá, Colombia : _bPaidós, _c2015 |
|
| 300 | _a703 páginas | ||
| 336 |
_atexto _btxt _2rdacontent |
||
| 337 |
_asin mediación _bn _2rdamedia |
||
| 338 |
_avolumen _bnc _2rdacarrier |
||
| 490 | 0 | _aPaidós Estado y Sociedad | |
| 500 | _aIncluye índice analítico y de nombres | ||
| 521 | _aRecomendado para un público adulto | ||
| 534 | _tThis changes everything | ||
| 545 | _aIncluye datos biográficos del autor en la solapa | ||
| 650 | 0 | 0 |
_aCambio climático _xAspectos económicos _2LEMB _964298 |
| 650 | 0 | 7 |
_aEconomía ambiental _2lemb _942477 |
| 650 | 0 | 7 |
_aPolítica ambiental _xAspectos económicos _2lemb _964299 |
| 700 |
_aSantos Mosquera, Albino _etrl _963514 |
||
| 942 |
_2ddc _cBK |
||
| 999 |
_c58886 _d58886 |
||